书目信息 |
| 题名: |
幻想纪元系列:帕拉迪噢兴亡录之帝国朝阳
|
|
| 作者: | 黑压 , 紫色风铃花 , 冲田 著 | |
| 分册: | 下 | |
| 出版信息: | 长春 时代文艺出版社 2003 |
|
| 页数: | 310页 | |
| 开本: | 21cm | |
| 丛书名: | ||
| 单 册: | ||
| 中图分类: | I247.5 | |
| 科图分类: | ||
| 主题词: | 科学幻想小说--ke xue huan xiang xiao shuo--中国--当代 | |
| 电子资源: | ||
| ISBN: | 7-5387-1801-X | |
| 000 | 00936nam0 2200241 450 | |
| 001 | 012006560516 | |
| 005 | 20081224153932.34 | |
| 010 | @a7-5387-1801-X@dCNY16.00 | |
| 100 | @a20061023d2003 km y0chiy0120 ea | |
| 101 | 0 | @achi |
| 102 | @aCN@b220000 | |
| 105 | @ay z 000yy | |
| 200 | 1 | @a幻想纪元系列:帕拉迪噢兴亡录之帝国朝阳@Ahuan xiang ji yuan xi lie:pa la di o xing wang lu zhi di guo chao yang@h下@f紫色风铃花…[等]著@Fzi se feng ling hua…[deng]zhu |
| 210 | @a长春@c时代文艺出版社@d2003 | |
| 215 | @a310页@d21cm | |
| 330 | @a本书共分为十册主要包括:《千魂夜恸上、下》,《异度空间》,《帝国朝阳上、下》,《日出亚里斯上、中、下》,《艰苦旅程上、下》。 | |
| 606 | 0 | @a科学幻想小说@Ake xue huan xiang xiao shuo@y中国@z当代 |
| 690 | @aI247.5@v4 | |
| 701 | 0 | @a黑压@Ahei ya@4著 |
| 701 | 0 | @a紫色风铃花@Azi se feng ling hua@4著 |
| 701 | 0 | @a冲田@Achong tian@4著 |
| 801 | 0 | @aCN@bRULIN@c20081224 |
| 905 | @aZUCC@dI247.5@eC821:2 | |
| 幻想纪元系列:帕拉迪噢兴亡录之帝国朝阳.下/紫色风铃花…[等]著.-长春:时代文艺出版社,2003 |
| 310页;21cm |
| ISBN 7-5387-1801-X:CNY16.00 |
| 本书共分为十册主要包括:《千魂夜恸上、下》,《异度空间》,《帝国朝阳上、下》,《日出亚里斯上、中、下》,《艰苦旅程上、下》。 |
| ● |
| 相关链接 |
|
|
|
正题名:幻想纪元系列:帕拉迪噢兴亡录之帝国朝阳
索取号:I247.5/C821:2
 
预约/预借
| 序号 | 登录号 | 条形码 | 馆藏地/架位号 | 状态 | 备注 |